Do jakiego wojewódzkiego miasta ma najbliżej ta miejscowość? - Statystyki

Ogólne statystyki
  • Ten quiz został rozwiązany 159 razy
  • Średni wynik to 16 z 55
Statystyki odpowiedzi
Miejscowość Najbliższe miasto wojewódzkie % Poprawnych
Elbląg Gdańsk
76%
Solec kujawski Bydgoszcz
72%
Jaworzno Katowice
68%
Konstancin-Jeziorna Warszawa
67%
Piła Poznań
65%
Tarnów Rzeszów
65%
Skierniewice Łódź
64%
Świebodzin Zielona góra
62%
Schwedt/Oder Szczecin
54%
Grodno Białystok
53%
Radom Kielce
53%
Brześć Białystok
44%
Ołomuniec Opole
44%
Niepołomice Kraków
40%
Wronki Poznań
38%
Zielonka Warszawa
35%
Biłgoraj Rzeszów
34%
Złotoryja Wrocław
33%
Sierpc Toruń
32%
Tłuszcz Warszawa
32%
Józefów nad Wisłą Lublin
30%
Ciechocinek Toruń
30%
Chęciny Kielce
27%
Golub-Dobrzyń Toruń
27%
Łapy Białystok
26%
Chodzież Poznań
25%
Krzeszowice Kraków
23%
Dobre miasto Olsztyn
23%
Wschowa Zielona góra
22%
Miastko Gdańsk
20%
Chełmek Katowice
20%
Góra Wrocław
20%
Barlinek Gorzów Wielkopolski
19%
Połczyn-Zdrój Szczecin
19%
Parczew Lublin
17%
Suchy Las Poznań
17%
Koronowo Bydgoszcz
16%
Byczyna Opole
14%
Jasionka Rzeszów
14%
Zielonki Kraków
13%
Rajgród Białystok
11%
Cipki Kraków
10%
Gądki Poznań
10%
Stolec Szczecin
10%
Jednorożec Olsztyn
9%
Trzcińsko-Zdrój Gorzów Wielkopolski
8%
Bychawa Lublin
8%
Zgon Olsztyn
8%
Wieruszów Opole
8%
Tumidaj Łódź
7%
Alfonsów Łódź
5%
Suchy Dąb Gdańsk
4%
Piekło Kielce
4%
Niebo Kielce
4%
Majówka Łódz
3%
Nie znaleziono quizów pasujących do podanych kryteriów
Rozkład punktacji
Procent ludzi z każdym wynikiem
Percentyl według liczby udzielonych odpowiedzi
Twoja historia wyników
Nie rozwiązałeś tego quizu